| 000 | 00400nam a2200145 a 4500 | ||
|---|---|---|---|
| 001 | 5760 | ||
| 003 | CDMR | ||
| 005 | 20131003125344.0 | ||
| 008 | 130130s ||||||||||||||||||||||||||||d | ||
| 040 |
_aCDMR _bcat _cCDMR |
||
| 245 | 0 |
_aNormalización y terminología _ctraducción, Antonio Soubrier |
|
| 260 |
_bInstituto Oficial de Radio y Televisión _a[s.l] _c[s.d] |
||
| 300 | _a16 p. | ||
| 942 |
_cFULLET _2udc |
||
| 999 |
_c5760 _d5760 |
||